| 000 | 01153cam a22003497a 4500 | ||
|---|---|---|---|
| 003 | CHAP | ||
| 005 | 20220329142458.0 | ||
| 008 | 010604d1982 mx a r 00110 spa d | ||
| 010 | _a84052 | ||
| 011 | _a85024 | ||
| 020 | _a9686034161 | ||
| 035 | _a95551 | ||
| 040 | _cCHAP | ||
| 082 | 0 | 4 |
_a621 _bS5 1975 |
| 100 | 0 | 0 |
_aSinger, Ferdinand Leon. _9106585 |
| 245 | 1 | 0 |
_aMecánica para ingenieros: _bdinámica _c/por Ferdinand L. Singer |
| 250 | _a3 ed. | ||
| 260 |
_aMéxico, D.F. : _bHarla, _c1982 |
||
| 300 |
_a738 p. : _bilus. ; gráfs. |
||
| 500 | _aTraducción de la segunda parte de la obra Engineerind Mechanics: Statics and Dynamics, third edition 1975 | ||
| 590 |
_aBATCH-UPD _b10 _c20130110 _lUCH01 _h1741 |
||
| 590 |
_aBATCH-UPD _b10 _c20130410 _lUCH01 _h1120 |
||
| 590 |
_aBATCH-UPD _b10 _c20130914 _lUCH01 _h1204 |
||
| 590 |
_aCONVERSION _b10 _c20130109 _lUCH01 _h1347 |
||
| 650 | 1 | 4 |
_aDinámica. _932626 |
| 650 | 1 | 4 |
_aIngeniería mecánica. _958260 |
| 650 | 1 | 4 |
_aMecánica. _973810 |
| 901 | _aBK | ||
| 905 | _aMarco A. Mendoza T. | ||
| 942 | _cLIBRO | ||
| 949 |
_a621 S5 1975 _bBC _cLIBRO _d33724000819918 _eLIBRO _gDonaciØn _h100274 _i95551 _si |
||
| 999 |
_c84052 _d84052 |
||